Čo prináša crowdfunding malým a začínajúcim podnikom?

Podstata crowdfundingu a jeho druhy. Úloha crowdfundingu vo financovaní malých a začínajúcich podnikov. Crowdfunding vo svete a na Slovensku.

Uložené v:
Podrobná bibliografia
Hlavný autor: Vinczeová, Miroslava
Médium: Kapitola
Jazyk:Slovak
Predmet:
Tagy: Pridať tag
Žiadne tagy, Buďte prvý, kto otaguje tento záznam!

MARC

LEADER 00000naa a2200000 4500
001 0249483
005 20221104111439.8
041 0 |a slo 
044 |a SK 
245 1 0 |a Čo prináša crowdfunding malým a začínajúcim podnikom?  |c Miroslava Vinczeová 
520 |a Podstata crowdfundingu a jeho druhy. Úloha crowdfundingu vo financovaní malých a začínajúcich podnikov. Crowdfunding vo svete a na Slovensku. 
610 2 0 |a podnik malý 
610 2 0 |a financovanie podnikov 
610 2 0 |a start-up 
610 2 0 |a crowdfunding 
610 2 0 |a Európa 
100 1 |a Vinczeová, Miroslava